Geography Quiz

Random Geography or Blitz Quiz

'O'-less Canadian Provinces & Territories Quiz Stats

 Plays Quiz Updated Apr 28, 2018

Challenge
Share
Tweet
Embed
Score 0/6 Timer 01:00
2 Plays Today
% Correct
Quebec
88.2%
Alberta
84.2%
Prince Edward Island
78.4%
Saskatchewan
77.6%
Nunavut
61.7%
New Brunswick
57.3%

You're not logged in!

Compare scores with friends on all Sporcle quizzes.
OR
Log In

You Might Also Like...

Show Comments

Extras

Top Quizzes Today


Score Distribution

Your Account Isn't Verified!

In order to create a playlist on Sporcle, you need to verify the email address you used during registration. Go to your Sporcle Settings to finish the process.

Report this User

Report this user for behavior that violates our Community Guidelines.

Details: